| 000 | 00530nam a22001937a 4500 | ||
|---|---|---|---|
| 003 | OSt | ||
| 005 | 20180116183056.0 | ||
| 008 | 160908b xxu||||| |||| 00| 0 eng d | ||
| 020 | _a0 | ||
| 040 | _c0 | ||
| 082 | _a657 WIL 1988 | ||
| 100 | _aWilliams | ||
| 245 |
_aFinancial & Managerial Accounting: _bthe basis for business decisions _cWilliams |
||
| 250 | _a13th | ||
| 260 |
_aIslamabad _bIntegraphics Printers Islamabad _c1988 |
||
| 300 |
_a1168 p. _bPB |
||
| 440 | _aFinancial & Managerial Accounting: | ||
| 942 |
_2ddc _cBK |
||
| 999 |
_c351819 _d351819 |
||